000 00290nam a22001337a 4500
008 170420b xxu||||| |||| 00| 0 eng d
020 _a9780815341574
041 _aeng
080 _23RD
_a573
100 _a11
101 _aSHM
245 _aBIOLOGY TODAY
_cMINKOFF, E.C
942 _2udc
_cBK
999 _c11357
_d11357